[Event "Loire-ch op"]
[Site "Loire"]
[Date "2004.01.10"]
[Round "1"]
[White "Brachet, Gerard"]
[Black "Barnes, Pierrick"]
[Result "1-0"]
[WhiteElo "1350"]
[BlackElo "1930"]
[PlyCount "103"]
[EventDate "2004.01.10"]
[EventType "swiss"]
[EventRounds "9"]
[EventCountry "FRA"]
[SourceTitle "EXT 2008"]
[Source "ChessBase"]
[SourceDate "2007.11.25"]
[SourceVersion "1"]
[SourceVersionDate "2007.11.25"]
[SourceQuality "1"]

1. d4 Nf6 2. c4 e6 3. Nc3 Bb4 4. Bd2 0-0 5. e4 Bxc3 6. Bxc3 Nxe4 7. Qc2 Nxc3 8. Qxc3 Nc6 9. Be2 Qf6 10. Nf3 Re8 11. 0-0 d6 12. Rad1 Bd7 13. Bd3 Ne7 14. Qc2 h6 15. b4 Bc6 16. Be4 d5 17. Bh7+ Kh8 18. b5 Bd7 19. Ne5 Bc8 20. Bd3 c6 21. c5 Rd8 22. a4 Bd7 23. Qb2 Rab8 24. b6 a6 25. Qe2 Ra8 26. Qh5 Be8 27. Bc2 Ng6 28. Ng4 Nf4 29. Nxf6 Nxh5 30. Nxh5 f6 31. Nf4 Bf7 32. Bg6 Kg8 33. Bxf7+ Kxf7 34. Rfe1 Re8 35. Re3 Re7 36. h4 e5 37. dxe5 fxe5 38. Nh5 Kg6 39. g4 Rf8 40. f4 e4 41. f5+ Kh7 42. Rf1 Ref7 43. Nf4 Kg8 44. Ne6 Re8 45. h5 Kh8 46. g5 hxg5 47. Nxg5 Rf6 48. Rf4 Re5 49. Kg2 Rfxf5 50. Rxf5 Rxf5 51. Rg3 Re5 52. Nf7+ 1-0

[Event "FRA-chT3 Gr12 0304"]
[Site "Loire"]
[Date "2003.12.07"]
[Round "4.8"]
[White "Barnes, Pierrick"]
[Black "Moreira, Philippe"]
[Result "1-0"]
[WhiteElo "1930"]
[BlackElo "2032"]
[PlyCount "175"]
[EventDate "2003.10.12"]
[EventType "team"]
[EventRounds "9"]
[EventCountry "FRA"]
[SourceTitle "EXT 2008"]
[Source "ChessBase"]
[SourceDate "2007.11.25"]
[SourceVersion "1"]
[SourceVersionDate "2007.11.25"]
[SourceQuality "1"]

1. e4 d5 2. exd5 Nf6 3. Nf3 Nxd5 4. d4 Bg4 5. Be2 Nc6 6. c3 e6 7. 0-0 Be7 8. Ne5 Nxe5 9. Bxg4 Nxg4 10. Qxg4 h5 11. Qe2 Qd7 12. Nd2 0-0-0 13. Nf3 h4 14. Ne5 Qe8 15. Bd2 g5 16. Rad1 Qg8 17. c4 Nf4 18. Bxf4 gxf4 19. Qg4 h3 20. Qxg8 Rdxg8 21. g3 Rg7 22. Kh1 fxg3 23. fxg3 f6 24. Nd3 Bd8 25. b3 b6 26. Nf4 e5 27. dxe5 fxe5 28. Ne6 Rd7 29. Rxd7 Kxd7 30. Nxd8 Kxd8 31. Re1 Rf8 32. Kg1 Rf5 33. Re4 Rh5 34. g4 Rg5 35. Kf2 Kd7 36. Kg3 Kd6 37. Kxh3 Ke6 38. Kg3 Rg8 39. h4 a5 40. a4 Kf6 41. Re3 Rg7 42. Rf3+ Ke6 43. g5 e4 44. Rf6+ Ke5 45. Kg4 e3 46. Rf1 Ke4 47. h5 e2 48. Re1 Ke3 49. h6 Rd7 50. g6 Rd1 51. Rxe2+ Kxe2 52. g7 Kd3 53. Kf4 Rg1 54. h7 Rxg7 55. h8Q Rf7+ 56. Ke5 Kc2 57. Qh3 Re7+ 58. Kd5 Rf7 59. c5 Rf6 60. cxb6 Rxb6 61. Qh2+ Kxb3 62. Qxc7 Rb4 63. Qxa5 Rxa4 64. Qb5+ Rb4 65. Qd3+ Ka4 66. Kc5 Rh4 67. Qd1+ Ka3 68. Qf3+ Ka4 69. Qa8+ Kb3 70. Qb8+ Ka4 71. Qe8+ Ka3 72. Qe5 Ka4 73. Qe2 Kb3 74. Qd1+ Ka3 75. Qf3+ Ka4 76. Qe2 Kb3 77. Qe6+ Ka3 78. Qf6 Rh3 79. Kc4 Ka2 80. Qf5 Rh2 81. Kc3 Rb2 82. Qa5+ Kb1 83. Qa4 Rb8 84. Qd1+ Ka2 85. Qd5+ Kb1 86. Qf5+ Ka2 87. Qf2+ Kb1 88. Qg1+ 1-0